Dựng vợ gả chồng Hôn lễ và nghi thức
Đã lưu trong:
| Príomhúdar: | |
|---|---|
| Formáid: | Leabhar |
| Foilsithe: |
TP. Hồ Chí Minh
Tổng hợp TP. Hồ Chí Minh
2008
|
| Ábhair: | |
| Clibeanna: |
Cuir Clib Leis
Gan Chlibeanna, Bí ar an gcéad duine leis an taifead seo a chlibeáil!
|
| Thư viện lưu trữ: | Trung tâm Học liệu Lê Vũ Hùng, Trường Đại học Đồng Tháp |
|---|
| LEADER | 00881pam a22003258a 4500 | ||
|---|---|---|---|
| 001 | 00034774 | ||
| 005 | 20171026081023.0 | ||
| 008 | 161024s2008 ||||||Viesd | ||
| 020 | # | # | |c 35000 |
| 041 | 0 | # | |a Vie |
| 082 | 1 | 4 | |a 395.209 597 |b D556V |
| 100 | 1 | # | |a Phạm, Côn Sơn |
| 245 | 0 | 0 | |a Dựng vợ gả chồng |c Phạm Côn Sơn |b Hôn lễ và nghi thức |
| 260 | # | # | |a TP. Hồ Chí Minh |b Tổng hợp TP. Hồ Chí Minh |c 2008 |
| 300 | # | # | |a 251 tr. |c 21 cm. |
| 653 | # | # | |a Lễ cưới |
| 653 | # | # | |a Nghi thức |
| 653 | # | # | |a Phong tục |
| 653 | # | # | |a Việt Nam |
| 852 | # | # | |b Kho đọc |j KD.0017369 |
| 852 | # | # | |j KD.0017369 |
| 910 | |d 24/10/2016 | ||
| 980 | # | # | |a Trung tâm Học liệu Lê Vũ Hùng, Trường Đại học Đồng Tháp |